000 00327nam a22001337a 4500
008 210426b ||||| |||| 00| 0 eng d
041 _aeng
080 _a316
082 _a316
100 _a50
101 _aSOC
245 _aIntellectual Property Rights for Indigenous Peoples a Source Book
_cTom Greaves
942 _2udc
_cBK
999 _c56796
_d56796